<?xml version="1.0" encoding="UTF-8"?>
<record
    xmlns:xsi="http://www.w3.org/2001/XMLSchema-instance"
    xsi:schemaLocation="http://www.loc.gov/MARC21/slim http://www.loc.gov/standards/marcxml/schema/MARC21slim.xsd"
    xmlns="http://www.loc.gov/MARC21/slim">

  <leader>03230nam a2200289 i 4500</leader>
  <controlfield tag="001">000017145</controlfield>
  <controlfield tag="003">DO-SdBNP</controlfield>
  <controlfield tag="005">20250807145439.0</controlfield>
  <controlfield tag="007">ta</controlfield>
  <controlfield tag="008">100318s2000    dr      r     000 0 spa d</controlfield>
  <datafield tag="020" ind1=" " ind2=" ">
    <subfield code="a">9993480258</subfield>
  </datafield>
  <datafield tag="040" ind1=" " ind2=" ">
    <subfield code="a">DO-SdBNP</subfield>
    <subfield code="b">spa</subfield>
    <subfield code="c">BNPHU</subfield>
    <subfield code="e">rda</subfield>
  </datafield>
  <datafield tag="041" ind1=" " ind2=" ">
    <subfield code="a">spa</subfield>
  </datafield>
  <datafield tag="082" ind1=" " ind2="4">
    <subfield code="a">BNPHU DS RD868.5 C733c</subfield>
    <subfield code="b">C733c</subfield>
    <subfield code="2">22</subfield>
  </datafield>
  <datafield tag="245" ind1="1" ind2="0">
    <subfield code="a">Coloquios &#xB4;99 /</subfield>
    <subfield code="c">Comisi&#xF3;n permanente de la feria nacional del libro Santo Domingo.</subfield>
  </datafield>
  <datafield tag="264" ind1=" " ind2=" ">
    <subfield code="a">Santo Domingo, Rep&#xFA;blica Dominicana :  </subfield>
    <subfield code="b">Comisi&#xF3;n Permanente de la Feria del Libro,</subfield>
    <subfield code="c">2000.</subfield>
  </datafield>
  <datafield tag="300" ind1=" " ind2=" ">
    <subfield code="a">443 p&#xE1;ginas. ;</subfield>
    <subfield code="c">23 cm.</subfield>
  </datafield>
  <datafield tag="336" ind1=" " ind2=" ">
    <subfield code="a">texto</subfield>
    <subfield code="b">txt</subfield>
    <subfield code="2">rdacontent</subfield>
  </datafield>
  <datafield tag="337" ind1=" " ind2=" ">
    <subfield code="a">sin mediaci&#xF3;n</subfield>
    <subfield code="b">n</subfield>
    <subfield code="2">rdamedia</subfield>
  </datafield>
  <datafield tag="338" ind1=" " ind2=" ">
    <subfield code="a">volumen</subfield>
    <subfield code="b">nc</subfield>
    <subfield code="2">rdacarrier</subfield>
  </datafield>
  <datafield tag="505" ind1=" " ind2=" ">
    <subfield code="a">Pedro Henr&#xED;quez Ure&#xF1;as hoy /Andr&#xE9;s L. Mateo 17|Pedro Henr&#xED;quez Ure&#xF1;a : conciencia de estilo en sus cartas 23|Pedro Henr&#xED;quez Ure&#xF1;a en la cifra de las ideas / Jos&#xE9; M. Fern&#xE1;ndez Peque&#xF1;o 27|Pedro Henr&#xED;quez Ure&#xF1;a y Alfonso Reyes / Soledad Alvarez 33|La sociolog&#xED;a en Rep&#xFA;blica Dominicana a finales de siglo /Rub&#xE9;n Sili&#xE9; 47|30 a&#xF1;os despu&#xE9;s : la demograf&#xED;a en la Rep&#xFA;blica Dominicana 61|Historiograf&#xED;a dominicana contempor&#xE1;nea / Frank Moya Pons 79|Consecuencias de la expedici&#xF3;n de junio de 1959 / Roberto Cass&#xE1; 99|Un nuevo olimpo para viejos h&#xE9;roes / Juan Delancer 109|La expedici&#xF3;n del 14 de Junio y el valor actual de sus aportes / Rafael Chajub Mej&#xED;a 115|Memorias de Junio de 1959 / Franklin Franco Pichardo 123|El manejo del discurso hist&#xF3;rico en los libros de texto / Carlos And&#xFA;jar Persinal 139|Los libros de texto de historia dominicana en la ReRep&#xFA;blica Dominicana / Maria Filomena Gonz&#xE1;lez Canalda 145|La ilustraci&#xF3;n y los libros de texto de historia dominicana / Eleonor Grimaldi Sili&#xE9; 157|La historia de Hait&#xED; y de la Rep&#xFA;blica Dominicana a trav&#xE9;s de los libros de texto tradicionales / Carlos Segura 175|La renovaci&#xF3;n de la novela hist&#xF3;rica dominicana / Manuel Salvador Gautier 187|La novela hist&#xF3;rica en el contexto dominicano / Avelino Stanley 207|La novela hist&#xF3;rica, los dinosaurios y la mala memoria / Di&#xF3;genes Vald&#xE9;z 215|Juro que sabr&#xE9; vengarme : una novela hist&#xF3;rica / Miguel Holgu&#xED;n Veras 231|Validez de la novela hist&#xF3;rica / Carlos Esteban Deive 237|Las tinieblas del dictador en el proceso hist&#xF3;rico antillano / Haffe Serulle 245|Lil&#xED;s y cultura pol&#xED;tica del dominicano / Adriano Miguel Tejada 253|Sobre el enjuciamiento de la obra gubernativa de la dictadura de Heureaux / Jaime de Jes&#xFA;s Dominguez 261|Ulises Heureaux (Lil&#xED;s) militar, pol&#xED;tico y gobernante / Euclides Guti&#xE9;rrez F&#xE9;lix 267|Magnicidio del General Ulises Heureaux : su impacto noticioso en el exterior / Jos&#xE9; C. Novas 277|Coloquio sobre Juan Rulfo 289|Coloquio sobre Octavio Paz 311|Coloquio sobre Jorge Luis Borges 353|Pedro P&#xE1;ramo: un relato situado entre la vida y la muerte 289|La desesperanza en la obra de Juan Rulfo 297|Pedro P&#xE1;ramo o la convocatoria de la muerte 305|Coloquios sobre Octavio Paz 311|Coloquios sobre Jorge Luis Borges 353</subfield>
  </datafield>
  <datafield tag="590" ind1=" " ind2=" ">
    <subfield code="a">Inventariado, 2023 / DG</subfield>
  </datafield>
  <datafield tag="650" ind1=" " ind2="4">
    <subfield code="a">Literatura dominicana - Ensayos, conferencias, etc</subfield>
    <subfield code="9">83832</subfield>
  </datafield>
  <datafield tag="650" ind1=" " ind2="4">
    <subfield code="a">Literatura dominicana</subfield>
    <subfield code="x"> Historia y cr&#xED;tica</subfield>
    <subfield code="9">159</subfield>
  </datafield>
  <datafield tag="910" ind1=" " ind2=" ">
    <subfield code="a">DG</subfield>
  </datafield>
  <datafield tag="942" ind1=" " ind2=" ">
    <subfield code="2">ddc</subfield>
    <subfield code="c">LBS1</subfield>
  </datafield>
  <datafield tag="952" ind1=" " ind2=" ">
    <subfield code="0">0</subfield>
    <subfield code="1">0</subfield>
    <subfield code="2">ddc</subfield>
    <subfield code="5">6</subfield>
    <subfield code="7">0</subfield>
    <subfield code="8">DS</subfield>
    <subfield code="a">BNPHU</subfield>
    <subfield code="b">BNPHU</subfield>
    <subfield code="c">HD</subfield>
    <subfield code="d">2013-06-21</subfield>
    <subfield code="l">0</subfield>
    <subfield code="o">BNPHU DS 868.5 C733c</subfield>
    <subfield code="p">17145-30</subfield>
    <subfield code="r">2020-06-25</subfield>
    <subfield code="t">e. 3</subfield>
    <subfield code="w">2020-06-25</subfield>
    <subfield code="y">LBS1</subfield>
    <subfield code="Z">Pr&#xE9;stamo en sala</subfield>
  </datafield>
  <datafield tag="952" ind1=" " ind2=" ">
    <subfield code="0">0</subfield>
    <subfield code="1">0</subfield>
    <subfield code="2">ddc</subfield>
    <subfield code="5">6</subfield>
    <subfield code="7">0</subfield>
    <subfield code="8">DS</subfield>
    <subfield code="a">BNPHU</subfield>
    <subfield code="b">BNPHU</subfield>
    <subfield code="c">HD</subfield>
    <subfield code="d">2019-05-30</subfield>
    <subfield code="l">0</subfield>
    <subfield code="o">BNPHU DS RD868.5 C733c</subfield>
    <subfield code="p">17145-40</subfield>
    <subfield code="r">2020-06-25</subfield>
    <subfield code="t">e. 4</subfield>
    <subfield code="w">2020-06-25</subfield>
    <subfield code="y">LBS1</subfield>
    <subfield code="z">Perteneci&#xF3; a la biblioteca personal de B&#xE1;rbara Suncar.</subfield>
    <subfield code="Z">Pr&#xE9;stamo en sala</subfield>
  </datafield>
  <datafield tag="952" ind1=" " ind2=" ">
    <subfield code="0">0</subfield>
    <subfield code="1">0</subfield>
    <subfield code="2">ddc</subfield>
    <subfield code="5">1</subfield>
    <subfield code="7">0</subfield>
    <subfield code="8">PD</subfield>
    <subfield code="a">BNPHU</subfield>
    <subfield code="b">BNPHU</subfield>
    <subfield code="c">HD</subfield>
    <subfield code="d">2010-03-19</subfield>
    <subfield code="l">0</subfield>
    <subfield code="o">BNPHU PD RD868.5 C733c</subfield>
    <subfield code="p">17145-10</subfield>
    <subfield code="r">2020-06-25</subfield>
    <subfield code="w">2020-06-25</subfield>
    <subfield code="y">LBS1</subfield>
    <subfield code="Z">No se presta</subfield>
  </datafield>
  <datafield tag="952" ind1=" " ind2=" ">
    <subfield code="0">0</subfield>
    <subfield code="1">0</subfield>
    <subfield code="2">ddc</subfield>
    <subfield code="5">1</subfield>
    <subfield code="7">0</subfield>
    <subfield code="8">PD</subfield>
    <subfield code="a">BNPHU</subfield>
    <subfield code="b">BNPHU</subfield>
    <subfield code="c">HD</subfield>
    <subfield code="d">2013-05-07</subfield>
    <subfield code="l">0</subfield>
    <subfield code="o">BNPHU PD RD868.5 C733c</subfield>
    <subfield code="p">17145-20</subfield>
    <subfield code="r">2020-06-25</subfield>
    <subfield code="t">e. 2</subfield>
    <subfield code="w">2020-06-25</subfield>
    <subfield code="y">LBS1</subfield>
    <subfield code="Z">No se presta</subfield>
  </datafield>
  <datafield tag="952" ind1=" " ind2=" ">
    <subfield code="0">0</subfield>
    <subfield code="1">0</subfield>
    <subfield code="2">ddc</subfield>
    <subfield code="5">6</subfield>
    <subfield code="7">0</subfield>
    <subfield code="8">DS</subfield>
    <subfield code="a">BNPHU</subfield>
    <subfield code="b">BNPHU</subfield>
    <subfield code="c">CT</subfield>
    <subfield code="d">2023-07-28</subfield>
    <subfield code="l">0</subfield>
    <subfield code="o">BNPHU DS RD868.5 C733c</subfield>
    <subfield code="p">2023-5056</subfield>
    <subfield code="r">2023-07-28</subfield>
    <subfield code="t">e.5</subfield>
    <subfield code="w">2023-07-28</subfield>
    <subfield code="y">LBS1</subfield>
  </datafield>
  <datafield tag="999" ind1=" " ind2=" ">
    <subfield code="c">16671</subfield>
    <subfield code="d">16671</subfield>
  </datafield>
</record>
